000 01778cam a22004694i 4500
003 PE-LiUPU
005 20250731173103.0
008 150623s r 000 0 d
020 _a1841271772
035 _a(Sirsi) i9781841271774
040 _aPE-LiUPU
_bspa
_cPE-LiUPU
_erda
049 _aPRUA
082 0 4 _a221.07
_bJ
_221
100 1 _aHauge, Martin Ravndal,
_eautor.
245 1 4 _aThe descent from the mountain :
_bnarrative patterns in exodus 19-40 /
_cMartin Ravndal Hauge.
264 1 _aSheffield, England :
_bSheffield Academic Press,
_c2001.
300 _a368 páginas ;
_c24 centímetros
336 _atext
_2rdacontent
337 _aunmediated
_2rdamedia
338 _avolume
_2rdacarrier
490 0 _aJournal for the study of the Old Testament. Supplement series ;
_v323
504 _aIncluye bibliografía.
505 0 _aThe aoutlines of a story. -The main story: The encounter below and the new theophanic figures. -The parallel story: the apotheosis of moses. -The compositional technique of parallelism. -The ciclical character of the sacred events.
526 _aSEG42
526 _aSEG41
526 _aSEG40
526 _aSEG39
526 _aP94
526 _aP87
526 _aP86
526 _aP85
526 _aP77
526 _aP76
526 _aP35
630 _aBiblia.
_pA.T.
_pExodo 19, 40
_xComentarios.
942 _2ddc
_cBOOK
949 _a221.07 J
_wDEWEY
_c1
_i49142
_lCCODEBUL1
_mBUL
_r0
_sY
_tBOOK
_u2015-6-24
_xTEOLOGIA
_PP35
_0COMPRA
_o.STAFF. Colección General
994 _aC0
_bPEPRU
596 _a1
999 _a221.07 J
_wDEWEY
_c28290
_i49142
_f2021-11-9
_g5
_lCCODEBUL1
_mBUL
_r0
_sY
_tBOOK
_u2015-6-24
_xTEOLOGIA
_PP35
_0COMPRA
_o.STAFF. Colección General
_d28290
980 _81
_gALBERTO SANCHEZ Responsable de Automatización